000 00794nam a2200193 i 4500
001 183822
003 ES-MaACL
005 20230906221957.0
008 141021s1891 sp |||| | spa d
080 _a338.45(100):664.1
245 0 0 _aContestación a la réplica de la Junta Directiva del Círculo de Hacendados y Agricultores de la Isla de Cuba, al folleto "La cuestión cubana".
260 _a[S.l.] :
_b[s.n.],
_c1891 (
_eBarcelona :
_fA. López Robert, imp.)
300 _a57 p. ;
_c21 cm.
530 _aDisponible en formato digital.
595 _aSeparata de: El Economista Español. N. 4, año II.
650 4 _aIndustria azucarera-
_zCuba.
_9141523
852 _aES-MaACL
_jT-577-F-4
856 4 1 _uhttp://bdh-rd.bne.es/viewer.vm?id=0000092091&page=1
_zBiblioteca Digital Hispánica
999 _c183822
_d183822